Η ατομική βόμβα και το μέλλον του ανθρώπου
Αποθηκεύτηκε σε:
| Κύριος συγγραφέας: | |
|---|---|
| Μορφή: | Βιβλίο |
| Γλώσσα: | Greek German |
| Δημοσίευση: |
Αθήναι :
Εκδόσεις Στρατιωτικών Περιοδικών Γ.Ε.Σ.,
1965.
|
| Σειρά: | Συμπληρωματικάι Εκδόσεις Στρατιωτικών Περιοδικών Γ.Ε.Σ ;
v.23 |
| Θέματα: | |
| Ετικέτες: |
Προσθήκη ετικέτας
Δεν υπάρχουν, Καταχωρήστε ετικέτα πρώτοι!
|
MARC
| LEADER | 00000cam a2200000 i 4500 | ||
|---|---|---|---|
| 001 | 1/29291 | ||
| 008 | 060512s1965 gr | ||| |||| ||gre|| | ||
| 035 | |l 10083863 | ||
| 040 | |a GR-MY-UA |b gre |e aacr | ||
| 041 | 1 | |a gre |h ger | |
| 082 | 7 | |a 172.422 |2 (22) | |
| 100 | 1 | |a Jaspers, Karl, |d 1883-1969. | |
| 245 | 1 | 2 | |a Η ατομική βόμβα και το μέλλον του ανθρώπου / |c Karl Jaspers ; απόδοσις εις την ελληνικήν υπό Κ. Α. Αναγνωστοπούλου. |
| 260 | |a Αθήναι : |b Εκδόσεις Στρατιωτικών Περιοδικών Γ.Ε.Σ., |c 1965. | ||
| 300 | |a 338 σ. ; |c 24 εκ. | ||
| 490 | 1 | |a (Συμπληρωματικαί εκδόσεις στρατιωτικών περιοδικών Γ.Ε.Σ ; |v vol.23) | |
| 500 | |a Μετάφραση του: Die Atombombe und die Zukunft des Menschen. | ||
| 505 | 0 | |a Τ.1. Πολιτική συνείδησις της συγχρόνου εποχής | |
| 650 | 0 | 0 | |a World politics |y 1955-1965. |
| 650 | 0 | 0 | |a Atomic bomb. |
| 650 | 0 | 0 | |a Political ethics. |
| 740 | 0 | |a Πολιτική συνείδησις της συγχρόνου εποχής | |
| 830 | 0 | |a Συμπληρωματικάι Εκδόσεις Στρατιωτικών Περιοδικών Γ.Ε.Σ ; |v v.23 | |
| 852 | |a INST |b LESVOS |e 20060512 |h 172.422 JAS |p 005100034957 |q 005100034957 |t BK |y 0 |z τ.1 | ||
| 852 | |a INST |b LESVOS |e 20060512 |h 172.422 JAS |p 005100034957 |q 005100034957 |t BK |v τ.1: |y 0 |z τ.1 | ||
| 853 | |a INST |b LESVOS |h 172.422 JAS | ||
| 901 | |a BIBL1-2006-2 | ||
| 909 | |a Λ |b 124064 | ||
| 970 | |a Καρά |b Γιασεμή |z 2006/05/12 | ||